000 00622nam a2200181Ia 4500
008 090630s9999 xx 000 0 und d
082 _b15230
100 _aकुळकर्णी नलिनी.
245 _aजादूचा मासा.
_cकुळकर्णी नलिनी.
260 _bअमोल - पुणे.
300 _a0
600 _aकुळकर्णी नलिनी.
630 _aजादूचा मासा.
655 _aबालवाङमय.
700 _aकुळकर्णी नलिनी.
730 _aजादूचा मासा.
942 _cBOOK
999 _c267086
_d267086